Every EPL Club Ever - Statistics

General Stats
  • This quiz has been taken 151 times
  • The average score is 39 of 49
Answer Stats
Answer % Correct
Arsenal
100%
Manchester City
100%
Manchester United
100%
Chelsea
98%
Tottenham Hotspur
97%
Aston Villa
95%
Brighton & Hove Albion
95%
Liverpool
95%
West Ham United
95%
Wolverhampton Wanderers
95%
Leeds United
94%
Newcastle United
94%
Everton
92%
Southampton
92%
Leicester City
90%
Norwich City
90%
Blackburn Rovers
89%
Fulham
87%
Crystal Palace
86%
Sunderland
85%
Bournemouth
83%
Cardiff City
82%
Swansea City
81%
Watford
81%
West Bromwich Albion
81%
Nottingham Forrest
80%
Sheffield United
80%
Burnley
78%
Bolton Wanderers
77%
Derby County
77%
Sheffield Wednesday
77%
Birmingham City
74%
Portsmouth
73%
Queens Park Rangers
72%
Ipswich Town
71%
Hull City
70%
Stoke City
68%
Wigan Athletic
67%
Middlesbrough
66%
Blackpool
65%
Huddersfield Town
65%
Wimbledon
64%
Reading
62%
Charlton Athletic
56%
Barnsley
54%
Coventry City
54%
Bradford City
48%
Oldham Athletic
46%
Swindon Town
46%
No matching quizzes found
Score Distribution
Percent of People with Each Score
Percentile by Number Answered
Your Score History
You have not taken this quiz